Category theory for computer science /
Guardado en:
| Autor Principal: | |
|---|---|
| Otros Autores: | |
| Formato: | Libro |
| Idioma: | English |
| Publicado: |
London ; New York :
Prentice Hall,
1995.
|
| Edición: | 2nd ed. |
| Series: | Prentice Hall international series in computer science
|
| Materias: | |
| Etiquetas: |
Agregar Etiqueta
Sin Etiquetas, Sea el primero en etiquetar este registro!
|
| LEADER | 00847pam a2200253 a 4500 | ||
|---|---|---|---|
| 001 | DCC.dcic000236 | ||
| 008 | 950510s1995####enka#####b####001#0#eng## | ||
| 005 | 20151124152836.0 | ||
| 245 | 1 | 0 | |a Category theory for computer science / |c Michael Barr and Charles Wells. |
| 250 | |a 2nd ed. | ||
| 260 | |a London ; |a New York : |b Prentice Hall, |c 1995. | ||
| 300 | |a xvii, 325 p. : |b il. ; |c 24 cm. | ||
| 440 | 0 | |a Prentice Hall international series in computer science | |
| 504 | |a Incluye referencias bibliográficas (p. 303-318) e índice. | ||
| 020 | |a 0133238091 | ||
| 100 | 1 | |a Barr, Michael. | |
| 700 | 1 | |a Wells, Charles. | |
| 082 | 0 | 0 | |a 512/.55 |2 20 |
| 650 | 0 | |a Computer science |x Mathematics. | |
| 650 | 0 | |a Categories (Mathematics) | |
| 010 | |a 95004728 | ||
| 040 | |a DLC |c DLC |d DLC | ||
| 050 | 0 | 0 | |a QA76.9.M35 |b B37 1995 |
| 859 | |a DCIC |b BIB. COMPUTACION |p 1132 | ||
